书目信息 |
| 题名: |
立体数学游戏
|
|
| 作者: | 高木茂男 著 ;丁一 译 | |
| 分册: | ||
| 出版信息: | 北京 科学普及出版社 1984 |
|
| 页数: | 126页 | |
| 开本: | 19cm | |
| 丛书名: | ||
| 单 册: | ||
| 中图分类: | O123.2-49 , O1-49 | |
| 科图分类: | ||
| 主题词: | 立体几何--普及读物 , 数学 | |
| 电子资源: | ||
| ISBN: | ||
| 000 | 00731nam0 2200277 45 | |
| 001 | 0184002204 | |
| 005 | 20040521153950.0 | |
| 010 | @dCNY0.41 | |
| 091 | @a13051.1392 | |
| 100 | @a19950112d1984 em y0chiy0121 ea | |
| 101 | 1 | @achi@cjpn |
| 102 | @aCN@b110000 | |
| 105 | @ay z 000yy | |
| 106 | @ar | |
| 200 | 10 | @a立体数学游戏@Ali ti shu xue you xi@f(日)高木茂男著@g丁一译 |
| 210 | @a北京@c科学普及出版社@d1984 | |
| 215 | @a126页@d19cm | |
| 606 | @a立体几何@x普及读物 | |
| 606 | 0 | @a数学 |
| 690 | @aO123.2-49@v3 | |
| 690 | @aO1-49 | |
| 701 | 0 | @a高木茂男@Agao mu mao nan@4著 |
| 702 | 0 | @a丁一@Ading yi@4译 |
| 801 | 0 | @aCN@b上海图书馆@c20040521 |
| 801 | 2 | @aCN@bNLC@c20040521 |
| 905 | @f4@b111406-409@dO1-49@e113 | |
| 立体数学游戏/(日)高木茂男著/丁一译.-北京:科学普及出版社,1984 |
| 126页;19cm |
| ISBN :CNY0.41 |
| ● |
| 相关链接 |
|
|
|
|
正题名:立体数学游戏
索取号:O1-49/113
 
预约/预借
| 序号 | 登录号 | 条形码 | 馆藏地/架位号 | 状态 | 备注 |
| 1 | 0111406 | 001246734 | 第三借阅区/ [索取号:O1-49/113] | 在馆 | |
| 2 | 0111407 | 001246743 | 第三借阅区/ [索取号:O1-49/113] | 在馆 | |
| 3 | 0111408 | 001246752 | 第三借阅区/ [索取号:O1-49/113] | 在馆 | |
| 4 | 0111409 | 001246725 | 第三借阅区/ [索取号:O1-49/113] | 在馆 | |
| 5 | 0111410 | 001246716 | 第二样本阅览室/ [索取号:O1-49/113] | 在馆 |